Přeskočit na obsah

Инженерная и компьютерная графика: методические указания к лабораторной работе №3 в КОМПАС-График

Методические указания предназначены для студентов 1 курса очной формы обучения направлений 11.03.01, 11.03.02, 11.05.01, 12.03.03 и 2 курса направлений 02.03.03, 09.03.01, 09.03.02, 09.03.03, 09.03.04, 27.03.04, а также для студентов 1 и 1у курса заочной формы обучения направления 11.03.02 и 2 и 2у...

Celý popis

Uloženo v:
Podrobná bibliografie
Hlavní autor: Богданова Е. А.
Další autoři: Евстафьева В. А.
Médium: Книга
Jazyk:Russian
Vydáno: Самара ПГУТИ 2022
On-line přístup:https://e.lanbook.com/book/320825
https://e.lanbook.com/img/cover/book/320825.jpg
Tagy: Přidat tag
Žádné tagy, Buďte první, kdo otaguje tento záznam!
LEADER 01910nam0a2200265 i 4500
001 320825
003 RuSpLAN
005 20240216150941.0
008 240216s2022 ru gs 000 0 rus
040 |a RuSpLAN 
041 0 |a rus 
044 |a ru 
080 |a 741.02 
245 0 0 |a Инженерная и компьютерная графика: методические указания к лабораторной работе №3 в КОМПАС-График  |c Богданова Е. А.,Евстафьева В. А. 
260 |a Самара  |b ПГУТИ  |c 2022 
300 |a 36 с. 
504 |a Библиогр.: доступна в карточке книги, на сайте ЭБС Лань 
520 8 |a Методические указания предназначены для студентов 1 курса очной формы обучения направлений 11.03.01, 11.03.02, 11.05.01, 12.03.03 и 2 курса направлений 02.03.03, 09.03.01, 09.03.02, 09.03.03, 09.03.04, 27.03.04, а также для студентов 1 и 1у курса заочной формы обучения направления 11.03.02 и 2 и 2у курсов направлений 09.03.01, 09.03.02, 09.03.03. Методические указания служат практическим руководством работы в графическом пакете КОМПАС-График в рамках лабораторных работ по дисциплине Инженерная и компьютерная графика. 
521 8 |a Книга из коллекции ПГУТИ - Информатика 
521 8 |a СЭБ 
100 1 |a Богданова Е. А. 
700 1 |a Евстафьева В. А. 
856 4 |u https://e.lanbook.com/book/320825 
856 4 8 |u https://e.lanbook.com/img/cover/book/320825.jpg 
953 |a https://e.lanbook.com/img/cover/book/320825.jpg 
Cannot write session to /tmp/vufind_sessions/sess_9d8bsfalq4g4olootjin46qn2j